000 00512nam a22001697a 4500
005 20260327104532.0
008 260327b |||||||| |||| 00| 0 eng d
020 _a978-93-5465-636-1
050 _aRC 46.A65 2022
100 _aSANDHYA A KAMATH
245 _aAPI TEXTBOOK OF MEDICINE
250 _a12th
260 _aNEW DELHI
_bJAYPEE BROTHERS MEDICAL PUBLISHERS
_c2022
300 _aX,1038
650 _aInternal medicine- textbook Clinical medicine -textbooks-medicine india-textbooks
942 _2lcc
_cBK
999 _c216878
_d216878